00735cam a2200217 a 450000500170000002000400001702000430005704000150010008200120011510000190012724500840014625000130023026000410024330000560028444000210034050400530036165000300041465000310044470000220047570000200049720251006132143.0 a0073511668 (alk. paper)cTZs.8000/- a9780073511665 (alk. paper)cTZs.8000/- aMCCLbeng.00a650 FER1 aFerrell, O. C.10aBusiness :ba changing world /cO. C. Ferrell, Geoffrey Hirt and Linda Ferrell. a6th. ed. aBoston :bMcGraw-Hill/Irwin,cc2008. axxxiv, 586 p. :bill. (chiefly col.), map ;c25 cm. aA Changing World aIncludes bibliographical references and indexes. 0aBusiness.zUnited States. 0aManagementzUnited States.1 aHirt, Geoffrey A.1 aFerrell, Linda.